000 01070cam a22003257a 4500
003 CHAP
005 20220329134419.0
008 971013s1984 r 00010 d
010 _a20174
011 _a21146
035 _a25235
040 _cCHAP
090 _aFolleto 10445
110 _aCEPAL
_921292
245 1 3 _aLa agricultura campesina en sus relaciones con la industria
260 _aSantiago de Chile :
_bNaciones Unidas,
_c1984
300 _a120 p.
_b: ilus.
490 0 _aEstudios e informes de la CEPAL
_v; 33
590 _aBATCH-UPD
_b10
_c20130110
_lUCH01
_h0130
590 _aBATCH-UPD
_b10
_c20130110
_lUCH01
_h1703
590 _aBATCH-UPD
_b10
_c20130410
_lUCH01
_h1050
590 _aBATCH-UPD
_b10
_c20130914
_lUCH01
_h0827
590 _aCONVERSION
_b10
_c20130109
_lUCH01
_h1312
650 1 4 _aCampesinado
_xAmérica Latina.
_917996
650 1 4 _aIndustrias agrícolas.
_957925
830 0 _aEstudios e informes de la CEPAL
_v; 33
_938540
901 _aBK
942 _cFOLL
949 _aFolleto 10446
_bBC
_cFOLL
_d-58151
_eTS1
_gI. 130282
_i25235
_si
_t460.20
999 _c20174
_d20174